000 00223nam a22000857a 4500
008 160809b xxu||||| |||| 00| 0 eng d
100 _977
_aLessen D
245 _aScholastic Dinosaurs A to Z
260 _aNew York
_bScholastic
_c2003
999 _c2731
_d2731